Ligne 12 du Tramway Francilien - Statistiques

Statistiques générales
  • Ce quiz a été pris 72 fois
  • Le résultat moyen est 11 sur 16
Statistiques - réponses
n gares correspondances % Correct
16 Massy - Palaiseau RER B CTransilien V
100%
13 Longjumeau
95%
1 Evry-Courcouronnes RER D
92%
12 Chilly-Mazarin
90%
9 Epinay-sur-Orge RER C
90%
11 Gravigny-Balizy
72%
10 Petit Vaux
72%
14 Champlan
69%
15 Massy-Europe
69%
2 Bois Briard
56%
7 Coteaux de l'Orge
56%
8 Parc du Château
54%
3 Traité de Rome
51%
6 Amédée Gordini
49%
4 Bois de Saint-Eutrope
44%
5 Ferme Neuve
41%
Aucun quiz correspondant
Distribution des résultats
% des personnes avec chaque résultat
Percentile par nombre de réponses
Votre historique - résultats
Vous n’avez pas pris ce quiz